[Event "Ch Netherlands (open)"]
[Site "masterchessopen.com Dieren (Netherlands)"]
[Round "1"]
[White "Ikonnikov Vyacheslav (RUS)"]
[Black "Smits Maykel (NED)"]
[Result "1-0"]
[WhiteElo "2509"]
[BlackElo "2182"]

1.d4 Nf6 2.Nf3 g6 3.c4 Bg7 4.Nc3 O-O 5.e4 d6 6.Be2 e5 7.O-O Nc6 8.d5 Ne7 9.Ne1
Ne8 10.Be3 f5 11.f3 f4 12.Bf2 g5 13.c5 h5 14.a4 Rf6 15.Nb5 Rg6 16.cxd6 cxd6
17.Nxa7 Bd7 18.Bb5 g4 19.Bxd7 Qxd7 20.Kh1 h4 21.fxg4 Nf6 22.Qd3 Nxg4 23.Qb5
Qc7 24.Bb6 Qb8 25.Qd7 Rxa7 26.Qxe7 Bf6 27.Qe6+ Kh7 28.Rc1 Ra6 29.Rc8 Rxb6
30.Rxb8 Rxb2 31.Qd7+ Kh6 32.Rxb7 {#r} 1-0

[Event "Ch Netherlands (team)"]
[Site "masterchessopen.com Netherlands"]
[Round "9"]
[White "Korchnoi Viktor (SUI)"]
[Black "Nijboer Friso (NED)"]
[Result "1-0"]
[WhiteElo "2625"]
[BlackElo "2555"]

1.d4 Nf6 2.c4 g6 3.Nc3 Bg7 4.e4 d6 5.Be2 O-O 6.Nf3 e5 7.O-O Nc6 8.d5 Ne7 9.Ne1
Ne8 10.Be3 f5 11.f3 c5 12.Nd3 f4 13.Bf2 h5 14.b4 b6 15.a4 a5 16.bxc5 bxc5
17.Rb1 g5 18.Nxc5 dxc5 19.Bxc5 Ng6 20.Bb6 Qf6 21.c5 g4 22.d6 gxf3 23.gxf3 Bh3
24.Kh1 Bxf1 25.Bxf1 Qe6 26.d7 Nf6 27.d8=Q Rfxd8 28.Bxd8 Nd7 29.Bg5 Rc8 30.Qd5
Ngf8 31.Be7 Nxc5 32.Bh3 Qxd5 33.Nxd5 {#r} 1-0

[Event "Ch Netherlands (team)"]
[Site "masterchessopen.com Netherlands"]
[Round "0"]
[White "Douven Rudy C (NED)"]
[Black "Roobol Martin (NED)"]
[Result "0-1"]
[WhiteElo "2400"]
[BlackElo "2325"]

1.d4 Nf6 2.c4 g6 3.Nc3 Bg7 4.e4 d6 5.Nf3 O-O 6.Be2 e5 7.O-O Nc6 8.d5 Ne7 9.Ne1
Ne8 10.Be3 f5 11.f3 c5 12.dxc6 bxc6 13.Qd2 Be6 14.Rd1 Qc7 15.b4 Rd8 16.Qc1
fxe4 17.fxe4 Rxf1+ 18.Bxf1 Nf6 19.h3 Qb8 20.Qa3 Rd7 21.Nf3 h6 22.Nd2 d5 23.Na4
Bf7 24.Nc5 Rd8 25.Na6 Qb7 26.Qa5 Qc8 27.Bc5 Bf8 28.Re1 dxe4 29.Nb3 Nf5 30.Bxa7
Ng3 31.Nac5 e3 32.Bb6 Qf5 33.Bxd8 Qf2+ 34.Kh2 Qxe1 35.Bd3 Nfh5 {#R} 0-1

[Event "Ch Niederbayern"]
[Site "masterchessopen.com Niederbayern (Germany)"]
[Round "9"]
[White "Heyne Martin (GER)"]
[Black "Dropalla Florian"]
[Result "1-0"]
[WhiteElo "2199"]
[BlackElo "1910"]

1.d4 Nf6 2.c4 g6 3.Nc3 Bg7 4.e4 d6 5.Nf3 O-O 6.Be2 e5 7.O-O Nc6 8.d5 Ne7 9.Ne1
Ne8 10.Be3 f5 11.f3 f4 12.Bf2 g5 13.c5 Ng6 14.a4 h5 15.a5 Nf6 16.cxd6 cxd6
17.Nb5 g4 18.Nxa7 Rxa7 19.Bxa7 g3 20.Bb6 Qe7 21.Rc1 Nd7 22.Bb5 Qh4 23.h3 Nc5
24.Bxc5 Bxh3 25.gxh3 Qxh3 26.Qe2 dxc5 27.Qg2 Qc8 28.d6 {#r} 1-0

[Event "Ch Norway (team) 2000/01"]
[Site "masterchessopen.com Norway"]
[Round "3"]
[White "Johannessen Leif Erlend (NOR)"]
[Black "Johansen Terje (NOR)"]
[Result "1-0"]
[WhiteElo "2422"]
[BlackElo "2211"]

1.c4 g6 2.Nf3 Bg7 3.d4 d6 4.e4 Nf6 5.Nc3 O-O 6.Be2 e5 7.O-O Nc6 8.d5 Ne7 9.Ne1
Ne8 10.Be3 f5 11.f3 c5 12.dxc6 bxc6 13.Qd2 Be6 14.Rd1 Qc7 15.Nc2 Rd8 16.Bc5
Rd7 17.Ba3 a5 18.Kh1 Kh8 19.Na1 Nc8 20.Nb3 Qd8 21.c5 fxe4 22.cxd6 exf3 23.Bxf3
Bc4 24.Rfe1 Qh4 25.Re4 Rf4 26.g3 Qh3 27.Bg2 {#r} 1-0

[Event "Ch Pan-American (juniors) (under 14)"]
[Site "masterchessopen.com Bento Goncalves (Brazil)"]
[Round "4"]
[White "Capo Vidal Uriel (MEX)"]
[Black "Diaz Robert (CHI)"]
[Result "0-1"]
[WhiteElo "2347"]
[BlackElo "2166"]

1.d4 Nf6 2.c4 g6 3.Nc3 Bg7 4.e4 d6 5.Be2 O-O 6.Nf3 e5 7.O-O Nc6 8.d5 Ne7 9.Ne1
Ne8 10.f3 f5 11.g4 f4 12.Ng2 g5 13.b4 Ng6 14.c5 Nf6 15.a4 Rf7 16.Ba3 Bf8 17.b5
h5 18.h3 Rh7 19.a5 dxc5 20.Bc4 Bd6 21.b6 cxb6 22.axb6 hxg4 23.hxg4 Qxb6 24.Qe2
a6 25.Rfc1 Qc7 26.Bb2 Rb8 27.Rab1 b5 28.Bxb5 axb5 29.Nxb5 Qb6 30.Nxd6 c4+
31.Ne3 Qxd6 32.Nxc4 Qc5+ 33.Kg2 Nxg4 34.Rh1 Qxc4 {#R} 0-1

[Event "Ch Pan-American (juniors) (under 20)"]
[Site "masterchessopen.com Guayaquil (Ecuador)"]
[Date "2011.06.06"]
[Round "2"]
[White "Versosa Bravo J"]
[Black "Reinoso Ernesto (ARG)"]
[Result "0-1"]
[WhiteElo "1965"]
[BlackElo "1825"]

1.d4 Nf6 2.Nf3 g6 3.c4 Bg7 4.Nc3 O-O 5.e4 d6 6.Be2 e5 7.O-O Nc6 8.d5 Ne7 9.Ne1
Ne8 10.Be3 f5 11.f3 f4 12.Bf2 g5 13.c5 h5 14.Rc1 Kh7 15.Nb5 a6 16.cxd6 cxd6
17.Na3 Bd7 18.Qb3 b5 19.Nd3 Nc8 20.Nb4 g4 21.Qd1 Qg5 22.Qe1 Bf6 23.fxg4 hxg4
24.Qd2 g3 25.hxg3 Rg8 26.Nac2 fxg3 27.Be3 Qh4 28.Rf3 Qh2+ 29.Kf1 Bh3 30.Bd3
Bg4 31.Bg1 Bxf3 32.Bxh2 gxh2 33.Kf2 Rxg2+ 34.Kxf3 Rxd2 {#R} 0-1

[Event "Ch Pan-American (juniors) (under 20)"]
[Site "masterchessopen.com Macas (Ecuador)"]
[Round "3"]
[White "Pulla Armijos Oscar (ECU)"]
[Black "Dumas Aviles Alejandro (CHI)"]
[Result "0-1"]
[WhiteElo "2076"]
[BlackElo "2214"]

1.d4 Nf6 2.c4 g6 3.Nc3 Bg7 4.e4 d6 5.Nf3 O-O 6.Be2 e5 7.O-O Nc6 8.d5 Ne7 9.Ne1
Ne8 10.Be3 f5 11.f3 f4 12.Bf2 g5 13.Nd3 Ng6 14.c5 h5 15.a4 Rf7 16.a5 Nf6
17.cxd6 cxd6 18.Nb5 g4 19.Nxa7 g3 20.hxg3 fxg3 21.Bb6 Qe7 22.Nxc8 Rxc8 23.Rc1
Rcf8 24.Rc7 Nd7 25.Bf2 gxf2+ 26.Nxf2 Nf4 27.Nd3 Nxd3 28.Bxd3 Bh6 29.Qc2 Bf4
{#R} 0-1

[Event "Ch Pfalz (MTB)"]
[Site "masterchessopen.com Deidesheim (Germany)"]
[Round "8"]
[White "Bohne Uwe (GER)"]
[Black "Scherer Frank (GER)"]
[Result "0-1"]
[WhiteElo "2031"]
[BlackElo "2190"]

1.d4 Nf6 2.c4 g6 3.Nc3 Bg7 4.e4 d6 5.Nf3 O-O 6.Be2 e5 7.O-O Nc6 8.d5 Ne7 9.Ne1
Ne8 10.f3 f5 11.Be3 f4 12.Bf2 h5 13.c5 g5 14.cxd6 cxd6 15.Rc1 Ng6 16.b4 Rf7
17.a4 Nf6 18.a5 g4 19.Nb5 g3 20.Bxa7 Nh7 21.Kh1 Bf8 22.Bg1 Nh4 23.Na7 Rg7
24.Rxc8 Rxc8 25.Nxc8 Qxc8 26.b5 Nxg2 27.Nxg2 Qh3 28.a6 bxa6 29.bxa6 gxh2
30.Rf2 hxg1=Q+ 31.Kxg1 Qg3 32.Qa4 Ng5 33.a7 Nh3+ {#R} 0-1

[Event "Ch Pfalz (open)"]
[Site "masterchessopen.com Landau (Germany)"]
[Round "0"]
[White "Kraus Ulrich"]
[Black "Helbig Mark (GER)"]
[Result "0-1"]
[WhiteElo "1680"]
[BlackElo "2327"]

1.d4 Nf6 2.c4 g6 3.Nc3 Bg7 4.e4 d6 5.Nf3 O-O 6.Be2 e5 7.O-O Nc6 8.d5 Ne7 9.Ne1
Ne8 10.Nd3 f5 11.f3 Kh8 12.c5 Ng8 13.Bd2 Bh6 14.Rc1 Rf7 15.Bxh6 Nxh6 16.Qd2 f4
17.cxd6 cxd6 18.Rc2 g5 19.Nf2 Rg7 20.h3 Ng8 21.Rfc1 h5 22.Nb5 a6 23.Nc3 Ngf6
24.Qd3 Bd7 25.a4 Rc8 26.Na2 Rxc2 27.Qxc2 g4 28.fxg4 hxg4 29.Nxg4 Qb6+ 30.Kf1
Bxg4 31.Bxg4 Nxg4 32.hxg4 Rh7 33.Qf2 Qb3 34.Rc8 Qd1+ {#R} 0-1

[Event "Ch Poland (juniors) (under 18)"]
[Site "masterchessopen.com Krynica (Poland)"]
[Round "0"]
[White "Uryga Jacek (POL)"]
[Black "Gorzkiewicz Lukasz (POL)"]
[Result "1-0"]
[WhiteElo "2136"]
[BlackElo "2113"]

1.c4 Nf6 2.Nf3 g6 3.Nc3 Bg7 4.e4 d6 5.d4 O-O 6.Be2 e5 7.O-O Nc6 8.d5 Ne7 9.Ne1
Ne8 10.Be3 f5 11.f3 Nf6 12.c5 f4 13.Bf2 g5 14.cxd6 cxd6 15.Rc1 h5 16.Nb5 b6
17.Qa4 Bd7 18.Qa3 Bxb5 19.Bxb5 g4 20.Kh1 Rf7 21.Nd3 Bf8 22.Nb4 Rg7 23.Bh4 Rf7
24.Rc2 a5 25.Nc6 Nxc6 26.Rxc6 Raa7 27.Rfc1 Rac7 28.Qc3 Rxc6 29.dxc6 gxf3
30.gxf3 Rc7 31.Rg1+ Kh7 32.Qb3 Qe7 33.Bf2 {#r} 1-0

[Event "Ch Poland (juniors) (under 18)"]
[Site "masterchessopen.com Leba (Poland)"]
[Date "2004.04.02"]
[Round "9"]
[White "Fraczek Daniel (POL)"]
[Black "Skurski Jan (POL)"]
[Result "0-1"]
[WhiteElo "2276"]
[BlackElo "2280"]

1.d4 Nf6 2.c4 g6 3.Nc3 Bg7 4.e4 d6 5.Nf3 O-O 6.Be2 e5 7.O-O Nc6 8.d5 Ne7 9.Ne1
Ne8 10.f3 f5 11.Be3 f4 12.Bf2 g5 13.c5 h5 14.a4 Rf6 15.a5 Rg6 16.cxd6 Nxd6
17.Nb5 a6 18.Nxd6 cxd6 19.Nd3 g4 20.Bh4 Qf8 21.Qa4 Bf6 22.Bxf6 Qxf6 23.Rac1
Qh4 24.Rc7 Rg7 25.fxg4 hxg4 26.Rfc1 Kf8 27.Nxe5 dxe5 28.d6 Nc6 29.R7xc6 bxc6
30.Qxc6 Bb7 31.Qc5 Qf6 32.Bc4 Rc8 33.Qb4 Rd7 34.Rd1 Rc6 35.Bd5 Qxd6 {#R} 0-1

[Event "Ch Poland (juniors) (under 18) (g)"]
[Site "masterchessopen.com Leba (Poland)"]
[Date "2008.04.02"]
[Round "6"]
[White "Wrobel Aneta (POL)"]
[Black "Radziewicz Katarzyna (POL)"]
[Result "0-1"]
[WhiteElo "1706"]
[BlackElo "1917"]

1.d4 Nf6 2.c4 g6 3.Nc3 Bg7 4.e4 d6 5.Nf3 O-O 6.Be2 e5 7.O-O Nc6 8.d5 Ne7 9.Ne1
Ne8 10.Be3 f5 11.f3 f4 12.Bf2 g5 13.Rc1 Nf6 14.b4 h5 15.c5 Ng6 16.cxd6 cxd6
17.Nb5 Rf7 18.a4 g4 19.Kh1 g3 20.Bg1 gxh2 21.Bf2 h4 22.Qc2 h3 23.Nc7 hxg2+
24.Nxg2 Bh3 25.Nxa8 Nh5 26.Rfd1 Qg5 27.Bf1 Ng3+ 28.Bxg3 Qxg3 29.Bb5 Bf6 30.Be8
Rg7 31.Bxg6 Rxg6 32.Rd2 Qxf3 33.Rf2 Qg3 34.Nxf4 Qg1+ {#R} 0-1

[Event "Ch Poland (team)"]
[Site "masterchessopen.com Jachranka (Poland)"]
[Round "11"]
[White "Grabowski Andrzej (POL)"]
[Black "Sarwinski Miroslaw (POL)"]
[Result "0-1"]
[WhiteElo "2350"]
[BlackElo "2313"]

1.d4 Nf6 2.c4 g6 3.Nc3 Bg7 4.e4 d6 5.Be2 O-O 6.Nf3 e5 7.O-O Nc6 8.d5 Ne7 9.Ne1
Ne8 10.Be3 f5 11.f3 f4 12.Bf2 g5 13.c5 Nf6 14.cxd6 cxd6 15.Rc1 a6 16.Na4 g4
17.Bb6 Qe8 18.fxg4 Nxe4 19.Bc7 b5 20.Nb6 Bb7 21.Bf3 Ng5 22.Nxa8 Bxa8 23.Bxd6
e4 24.Be2 f3 25.gxf3 exf3 26.Nxf3 Ne4 27.Be5 Qg6 28.Nh4 Qb6+ 29.Kg2 Rf2+
30.Kh1 Bxe5 31.Nf3 Qh6 32.h4 Qf4 {#R} 0-1

[Event "Ch Poland (team)"]
[Site "masterchessopen.com Lubniewice (Poland)"]
[Round "8"]
[White "Perdek Miroslaw (POL)"]
[Black "Socko Bartosz (POL)"]
[Result "1-0"]
[WhiteElo "2295"]
[BlackElo "2485"]

1.d4 Nf6 2.Nf3 g6 3.c4 Bg7 4.Nc3 O-O 5.e4 d6 6.Be2 e5 7.O-O Nc6 8.d5 Ne7 9.Ne1
Ne8 10.Nd3 f5 11.f4 exf4 12.Nxf4 Nf6 13.exf5 Nxf5 14.g4 Ne7 15.Nb5 c6 16.dxc6
bxc6 17.Nxd6 Bxg4 18.c5 Qd7 19.Re1 Ned5 20.Bxg4 Nxg4 21.Nxd5 cxd5 22.Qxd5+ Kh8
23.Bg5 Nf2 24.Bh4 Nh3+ 25.Kh1 Rab8 26.c6 Qc7 27.Re7 Nf4 28.Nf7+ Rxf7 29.Rxc7
Rxc7 30.Qd6 {#r} 1-0

[Event "Ch Poland (team) (1 liga)"]
[Site "masterchessopen.com Chotowa (Poland)"]
[Date "2007.09.11"]
[Round "9"]
[White "Talla Vladimir (CZE)"]
[Black "Koziak Vitali (UKR)"]
[Result "0-1"]
[WhiteElo "2411"]
[BlackElo "2437"]

1.e4 g6 2.d4 Bg7 3.c4 d6 4.Nc3 Nf6 5.Nf3 O-O 6.Be2 e5 7.O-O Nc6 8.d5 Ne7 9.Ne1
Ne8 10.Be3 f5 11.f3 f4 12.Bf2 g5 13.Nd3 Rf7 14.c5 h5 15.a4 Nf6 16.a5 Ng6 17.a6
b6 18.cxd6 cxd6 19.Nb4 g4 20.Nc6 Qf8 21.Nb5 g3 22.hxg3 fxg3 23.Bxg3 Bh6 24.Bf2
Nf4 25.Kh1 h4 26.Bc4 Rg7 27.Rg1 N4h5 28.Bxh4 Ng3+ 29.Bxg3 Rxg3 30.Re1 Be3
31.Rxe3 Qh6+ 32.Kg1 Qxe3+ 33.Kf1 Rh3 {#R} 0-1

[Event "Ch Poland (team) (2nd liga)"]
[Site "masterchessopen.com Poland"]
[Date "2003.09.10"]
[Round "6"]
[White "Stachanczyk Jacek (POL)"]
[Black "Fudalej Michal (POL)"]
[Result "1-0"]
[WhiteElo "2141"]
[BlackElo "2244"]

1.c4 g6 2.d4 Nf6 3.Nc3 Bg7 4.e4 d6 5.Be2 O-O 6.Nf3 e5 7.O-O Nc6 8.d5 Ne7 9.Ne1
Ne8 10.Be3 f5 11.f3 f4 12.Bf2 h5 13.Nd3 g5 14.c5 Rf6 15.a4 Rg6 16.cxd6 cxd6
17.g4 fxg3 18.hxg3 g4 19.f4 exf4 20.Nxf4 Rh6 21.Bd4 Ng6 22.Bxg7 Nxg7 23.Nxg6
Rxg6 24.Qd2 h4 25.Bd3 Nh5 26.e5 Rg7 27.e6 Nxg3 28.Qh6 Qb6+ 29.Kg2 Bd7 30.exd7
Qxb2+ 31.Rf2 Qxa1 32.Bh7+ Kh8 33.Bf5+ {#r} 1-0

[Event "Ch Poland (w)"]
[Site "masterchessopen.com Wroclaw (Poland)"]
[Round "0"]
[White "Radziewicz Iweta (POL)"]
[Black "Socko Monika (POL)"]
[Result "1-0"]
[WhiteElo "2395"]
[BlackElo "2438"]

1.d4 Nf6 2.c4 g6 3.Nc3 Bg7 4.e4 d6 5.Nf3 O-O 6.Be2 e5 7.O-O Nc6 8.d5 Ne7 9.Ne1
Ne8 10.Nd3 f5 11.f4 exf4 12.Bxf4 Bxc3 13.bxc3 fxe4 14.Bg5 exd3 15.Rxf8+ Kxf8
16.Qf1+ Bf5 17.Bxd3 h6 18.Bxh6+ Ng7 19.g4 Kg8 20.Re1 Qd7 21.gxf5 Nexf5 22.Bxg7
Qxg7 23.Bxf5 gxf5+ 24.Kh1 Rf8 25.Qh3 Rf6 26.Qh4 Qh6 27.Re8+ Kg7 28.Re7+ Kg8
29.Qxh6 Rxh6 30.Rxc7 Rh3 31.c5 Kf8 32.cxd6 Ke8 33.c4 Ra3 34.Rxb7 Rxa2 35.c5
{#r} 1-0

[Event "Ch Portugal (team)"]
[Site "masterchessopen.com Lisbon (Portugal)"]
[Round "1"]
[White "Pinho Paulo (POR)"]
[Black "Blalock Rex (USA)"]
[Result "0-1"]
[WhiteElo "2150"]
[BlackElo "2214"]

1.d4 Nf6 2.c4 g6 3.Nc3 Bg7 4.e4 d6 5.Nf3 O-O 6.Be2 e5 7.O-O Nc6 8.d5 Ne7 9.Ne1
Ne8 10.Be3 f5 11.f3 f4 12.Bf2 g5 13.c5 h5 14.cxd6 cxd6 15.a4 Rf7 16.a5 Bf8
17.Nb5 a6 18.Bb6 Qd7 19.Na7 Rg7 20.Rc1 g4 21.Rc3 Nf6 22.Qc2 Qe8 23.Nxc8 Rxc8
24.Nd3 Rxc3 25.Qxc3 Qg6 26.Rc1 gxf3 27.Bxf3 Nxe4 28.Qc2 Ng5 29.Rf1 {#R} 0-1

[Event "Ch Portugal (team)"]
[Site "masterchessopen.com Lisbon (Portugal)"]
[Round "7"]
[White "Pinho Paulo (POR)"]
[Black "Abella Vazquez Cesar (ESP)"]
[Result "0-1"]
[WhiteElo "2129"]
[BlackElo "2123"]

1.d4 Nf6 2.c4 g6 3.Nc3 Bg7 4.e4 d6 5.Nf3 O-O 6.Be2 e5 7.O-O Nc6 8.d5 Ne7 9.Ne1
Ne8 10.Be3 f5 11.f3 f4 12.Bf2 h5 13.a4 g5 14.c5 Ng6 15.cxd6 cxd6 16.a5 Rf7
17.Nb5 a6 18.Na7 Bd7 19.Qb3 Qb8 {#R} 0-1

[Event "Ch Reinland-Pfalz (b)"]
[Site "masterchessopen.com Herxheim (Germany)"]
[Round "1"]
[White "Puth Dieter (GER)"]
[Black "Teuffer Michael (GER)"]
[Result "1-0"]
[WhiteElo "2171"]
[BlackElo "2140"]

1.d4 Nf6 2.c4 g6 3.Nc3 Bg7 4.e4 d6 5.Nf3 O-O 6.Be2 e5 7.O-O Nc6 8.d5 Ne7 9.Ne1
Ne8 10.Nd3 f5 11.f4 exf4 12.Bxf4 h6 13.e5 g5 14.exd6 Nxd6 15.Bxd6 Qxd6 16.Kh1
Bxc3 17.bxc3 f4 18.Bg4 Nf5 19.Bxf5 Bxf5 20.Qd2 Rae8 21.Rae1 Bg6 22.Nf2 Qc5
23.Qd4 Qxd4 24.cxd4 Bf5 25.Re5 Rxe5 26.dxe5 g4 27.Rd1 Re8 28.e6 c6 29.Nd3 b5
30.Nxf4 bxc4 31.d6 Rb8 32.d7 {#r} 1-0

[Event "Ch Romania"]
[Site "masterchessopen.com Eforie Nord (Romania)"]
[Date "2009.02.04"]
[Round "5"]
[White "Ungureanu Vlad (ROM)"]
[Black "Corlatescu Dragos (ROM)"]
[Result "1-0"]
[WhiteElo "2304"]
[BlackElo "2171"]

1.d4 Nf6 2.c4 g6 3.Nc3 Bg7 4.e4 d6 5.Nf3 O-O 6.Be2 e5 7.O-O Nc6 8.d5 Ne7 9.Ne1
Ne8 10.Nd3 f5 11.f4 Nf6 12.fxe5 dxe5 13.Bf3 Ne8 14.c5 fxe4 15.Bxe4 Rxf1+
16.Qxf1 Bf5 17.Nf2 Nf6 18.Bg5 h6 19.Bxf6 Bxf6 20.Rd1 Kg7 21.d6 cxd6 22.Rxd6
Qc7 23.b4 Rf8 24.Qd3 Nc8 25.Nd5 Qb8 26.Rxf6 Rxf6 27.Nxf6 Kxf6 28.Qd8+ Kg7
29.Bd5 h5 30.h4 e4 31.Nxe4 Bxe4 32.Qg8+ Kf6 33.Qe6+ {#r} 1-0

[Event "Ch Russia (juniors) (under 12)"]
[Site "masterchessopen.com Volgograd (Russia)"]
[Round "3"]
[White "Moiseev Mikhail (RUS)"]
[Black "Belov Vladimir (RUS)"]
[Result "0-1"]
[WhiteElo "2243"]
[BlackElo "2641"]

1.d4 Nf6 2.c4 g6 3.Nc3 Bg7 4.e4 d6 5.Nf3 O-O 6.Be2 e5 7.O-O Nc6 8.d5 Ne7 9.Ne1
Ne8 10.Nd3 f5 11.f4 c6 12.Bf3 b5 13.dxc6 bxc4 14.Nf2 Nc7 15.fxe5 Bxe5 16.Qa4
fxe4 17.Nfxe4 d5 18.Rd1 Ne6 19.Nf2 Nd4 20.Rxd4 Bxd4 21.Qd1 Qb6 22.Qe2 Bxf2+
23.Qxf2 Qxf2+ 24.Kxf2 d4 25.Nb5 Nxc6 26.Bh6 Rf6 27.Kg1 Rb8 28.a4 Ne7 29.Nxd4
Bb7 30.Re1 Bxf3 31.Nxf3 Nf5 32.Ne5 Rb7 33.Nxc4 {#R} 0-1

[Event "Ch Russia (juniors) (under 14)"]
[Site "masterchessopen.com Dagomys (Russia)"]
[Round "6"]
[White "Kozlov Gennady (RUS)"]
[Black "Natacheev Peter (RUS)"]
[Result "1-0"]
[WhiteElo "2048"]
[BlackElo "1954"]

1.d4 Nf6 2.c4 g6 3.Nc3 Bg7 4.e4 d6 5.Nf3 O-O 6.Be2 Nc6 7.O-O e5 8.d5 Ne7 9.Ne1
Ne8 10.Be3 f5 11.f3 f4 12.Bf2 g5 13.Nd3 h5 14.g4 hxg4 15.fxg4 Ng6 16.Bf3 Rf7
17.Kg2 Bf8 18.b4 Rh7 19.Rh1 Nh4+ 20.Kg1 Nxf3+ 21.Qxf3 Nf6 22.h3 Bd7 23.c5 Kf7
24.b5 Qe7 25.c6 bxc6 26.bxc6 Bc8 27.Nb5 a5 28.Nc3 Bg7 29.Ne1 Ba6 30.Qg2 {#r}
1-0

[Event "Ch Russia (juniors) (under 18)"]
[Site "masterchessopen.com Dagomys (Russia)"]
[Round "9"]
[White "Poniaev Ruslan (RUS)"]
[Black "Fominykh Maria (RUS)"]
[Result "1-0"]
[WhiteElo "2288"]
[BlackElo "2309"]

1.d4 d6 2.Nf3 g6 3.c4 Bg7 4.Nc3 Nf6 5.e4 O-O 6.Be2 e5 7.O-O Nc6 8.d5 Ne7 9.Ne1
Ne8 10.Be3 f5 11.f3 f4 12.Bf2 g5 13.c5 Rf7 14.a4 h5 15.cxd6 cxd6 16.a5 Ng6
17.b4 Nf6 18.Nb5 g4 19.Nxa7 Nxd5 20.Qxd5 g3 21.hxg3 fxg3 22.Bxg3 Rxa7 23.Bc4
b5 24.Qxb5 Nf4 25.Bxf4 exf4 26.Rd1 Kf8 27.Bxf7 Rxf7 28.Qd5 Rd7 29.Nc2 Be5
30.Nd4 Rg7 31.Qxe5 dxe5 32.Ne6+ Bxe6 33.Rxd8+ Ke7 34.Rb8 {#r} 1-0

[Event "Ch Saarland (MA)"]
[Site "masterchessopen.com Eppelborn (Germany)"]
[Date "2008.03.18"]
[Round "4"]
[White "Mueller Reinhold (GER)"]
[Black "Bastian Herbert (GER)"]
[Result "0-1"]
[WhiteElo "2228"]
[BlackElo "2365"]

1.d4 Nf6 2.c4 g6 3.Nc3 Bg7 4.e4 d6 5.Nf3 O-O 6.Be2 e5 7.O-O Nc6 8.d5 Ne7 9.Ne1
Ne8 10.Be3 f5 11.f3 f4 12.Bf2 g5 13.c5 Ng6 14.Rc1 Rf7 15.cxd6 cxd6 16.Nb5 Bd7
17.Qb3 a6 18.Nc3 b5 19.Nd3 h5 20.Nb4 g4 21.Nc6 Qg5 22.Kh1 g3 23.Bg1 Bh3
24.hxg3 fxg3 25.gxh3 Nf4 26.Be3 Qh4 27.Kg1 Nxh3+ {#R} 0-1

[Event "Ch Salvador"]
[Site "masterchessopen.com San Salvador (El Salvador)"]
[Round "7"]
[White "Campos Roberto (CRC)"]
[Black "Infante Salvador (ESA)"]
[Result "0-1"]
[WhiteElo "2075"]
[BlackElo "2208"]

1.d4 Nf6 2.Nf3 g6 3.c4 Bg7 4.Nc3 O-O 5.e4 d6 6.Be2 e5 7.O-O Nc6 8.d5 Ne7 9.Ne1
Ne8 10.g4 f5 11.f3 Kh8 12.Nd3 Ng8 13.g5 f4 14.h4 h6 15.Rf2 hxg5 16.hxg5 Qxg5+
17.Rg2 Qf6 18.b4 Rf7 19.c5 Bf8 20.Bxf4 exf4 21.e5 dxe5 22.Ne4 Qe7 23.Ndf2 Rh7
24.Ng5 Rh5 25.Nfe4 Nh6 26.Bc4 Bf5 27.Qe1 Bxe4 28.Nxe4 Nf5 29.Nd2 Qh7 30.Bf1
Ne3 31.Rc1 Be7 {#R} 0-1

[Event "Ch Scotland"]
[Site "masterchessopen.com Aviemore (Scotland)"]
[Round "8"]
[White "Stevenson James (SCO)"]
[Black "Grant Alan (SCO)"]
[Result "0-1"]
[WhiteElo "2080"]
[BlackElo "2186"]

1.c4 Nf6 2.Nc3 g6 3.e4 d6 4.d4 Bg7 5.Be2 O-O 6.Nf3 Nc6 7.O-O e5 8.d5 Ne7 9.Ne1
c5 10.Nd3 Ne8 11.Be3 f5 12.f3 f4 13.Bf2 g5 14.b4 b6 15.a4 h5 16.a5 Bd7 17.axb6
axb6 18.Qb3 g4 19.bxc5 bxc5 20.Rxa8 Qxa8 21.Rb1 Ng6 22.Qb7 Qd8 23.Ra1 Rf7
24.Ra8 Qg5 25.Nb5 Bf8 26.Kh1 g3 27.Bg1 Bh3 28.Qb8 gxh2 29.Bf1 Nh4 30.Ne1
hxg1=Q+ 31.Kxg1 Qg3 32.Qxe8 Qxe1 33.Ra2 Nxf3+ 34.gxf3 Rg7+ {#R} 0-1

[Event "Ch Slovakia"]
[Site "masterchessopen.com Hlohovec (Slovakia)"]
[Round "10"]
[White "Polacek Jozef (CAN)"]
[Black "Plachetka Jan (SVK)"]
[Result "0-1"]
[WhiteElo "2240"]
[BlackElo "2430"]

1.e4 g6 2.d4 d6 3.c4 Bg7 4.Nc3 Nf6 5.Be2 O-O 6.Nf3 e5 7.O-O Nc6 8.d5 Ne7 9.Ne1
c5 10.f4 Ne8 11.Nd3 b6 12.fxe5 dxe5 13.Bg5 f6 14.Bh4 Nd6 15.Nf2 g5 16.Bg3 Bd7
17.a4 a6 18.Rc1 Ng6 19.b3 f5 20.exf5 Nxf5 21.Qd3 Nf4 22.Bxf4 exf4 23.Nce4 Ne3
24.Rfe1 Bd4 25.Kh1 g4 26.Nd1 Nxd1 27.Bxd1 Qh4 28.g3 Qh6 29.gxf4 Rxf4 30.Bc2
Raf8 31.Rf1 Rf3 32.Qe2 Be5 33.Nd2 Bxh2 34.Rxf3 Be5+ {#R} 0-1

[Event "Ch Slovakia (open)"]
[Site "masterchessopen.com Banska Stiavnica (Slovakia)"]
[Date "2007.07.07"]
[Round "1"]
[White "Pallag Gergely (SVK)"]
[Black "Hrivnak Martin (SVK)"]
[Result "0-1"]
[WhiteElo "2008"]
[BlackElo "1822"]

1.d4 Nf6 2.c4 g6 3.Nc3 Bg7 4.e4 d6 5.Nf3 O-O 6.Be2 Nc6 7.O-O e5 8.d5 Ne7 9.Ne1
Ne8 10.f3 f5 11.Be3 f4 12.Bf2 g5 13.a4 Rf6 14.a5 Rh6 15.Nd3 Nf6 16.c5 Qe8
17.g4 fxg3 18.Bxg3 Nh5 19.Qe1 Ng6 20.Qf2 Ngf4 21.Kh1 Bh3 22.Rg1 Nxe2 23.Qxe2
Qf7 24.b4 Rf8 25.Ne1 Nf4 26.Qd1 Qh5 27.Nb5 g4 28.Nxc7 gxf3 29.Qxf3 Bg4 30.Qe3
Nh3 31.Nb5 Nf2+ 32.Qxf2 Rxf2 {#R} 0-1

[Event "Ch Slovakia (team) 2000/01 (2 liga) (a)"]
[Site "masterchessopen.com Slovakia"]
[Round "5"]
[White "Dorica Igor (SVK)"]
[Black "Lauf Pavol (SVK)"]
[Result "1-0"]
[WhiteElo "2211"]
[BlackElo "2146"]

1.d4 Nf6 2.c4 g6 3.Nc3 Bg7 4.e4 d6 5.Nf3 O-O 6.Be2 e5 7.O-O Nc6 8.d5 Ne7 9.Ne1
Ne8 10.f3 f5 11.g4 f4 12.h4 h6 13.Bd2 c6 14.Nd3 Kh7 15.Be1 Bd7 16.Bf2 Nc8
17.Kg2 c5 18.a3 b6 19.b4 Qc7 20.Qb3 Ne7 21.Rfb1 Bc8 22.a4 Qd7 23.a5 bxa5
24.bxc5 h5 25.c6 Nxc6 26.dxc6 Qxc6 27.g5 Be6 28.Nd5 Rf7 {#r} 1-0

[Event "Ch Slovakia (team) 2009/10 (1 liga) East"]
[Site "masterchessopen.com Slovakia"]
[Date "2009.11.14"]
[Round "3"]
[White "Csala Jan (SVK)"]
[Black "Csolto Robert (SVK)"]
[Result "0-1"]
[WhiteElo "2188"]
[BlackElo "2317"]

1.d4 Nf6 2.Nf3 d6 3.c4 g6 4.Nc3 Bg7 5.e4 O-O 6.Be2 e5 7.O-O Nc6 8.d5 Ne7 9.Ne1
c5 10.dxc6 bxc6 11.Bg5 Be6 12.Qd2 Qb6 13.Qxd6 Qxb2 14.Rc1 Rfe8 15.Rc2 Qb8
16.Qa3 a5 17.Rb2 Qc7 18.Nf3 h6 19.Be3 Nd7 20.Rfb1 Bf8 21.Rb7 Qd8 22.Qc1 Kh7
23.h3 Nc8 24.Nd5 Nd6 25.R7b2 Nxe4 26.Nb6 Nxb6 27.Rxb6 c5 28.Nxe5 Bg7 29.Nf3
Nc3 30.R1b2 Nxe2+ {#R} 0-1

[Event "Ch Slovakia (team) 2010/11 (1 liga) West"]
[Site "masterchessopen.com Slovakia"]
[Date "2010.12.11"]
[Round "3"]
[White "Reisel Frantisek (SVK)"]
[Black "Janos Jozef (SVK)"]
[Result "0-1"]
[WhiteElo "2079"]
[BlackElo "2196"]

1.d4 Nf6 2.c4 g6 3.Nc3 Bg7 4.e4 d6 5.Nf3 O-O 6.Be2 Nc6 7.O-O e5 8.d5 Ne7 9.Ne1
Ne8 10.Be3 f5 11.f3 f4 12.Bf2 g5 13.c5 Rf7 14.Nd3 Ng6 15.Rc1 h5 16.Rc2 Bf8
17.cxd6 cxd6 18.a4 Nf6 19.Re1 g4 20.g3 Rg7 21.Kh1 fxg3 22.hxg3 gxf3 23.Bxf3
Ng4 24.Bg1 Rf7 25.Nf2 Qg5 26.Nxg4 hxg4 27.Be3 Rh7+ 28.Kg1 Qh5 29.Bg2 Qh2+
30.Kf1 Qxg3 31.Bf2 Qh2 32.Bg1 Rf7+ 33.Rf2 Rxf2+ 34.Bxf2 Nf4 {#R} 0-1